=LDR 00000nam 2200000 4500 =001 INLIS000000000031469 =005 20130612133535 =008 ***********************************Ind** =035 ##$$0010-061300000031469 =041 ##$$a Ind =082 ##$$a 342.03 =090 ##$$a 6342.03, Ind a =100 ##$$a Muhammad Ridwan Indra =245 ##$$a Amburadulnya amandemen UUF 1945, Muhammad Ridwan Indra =260 ##$$a 2008 $b Jakarta =300 ##$$a xxvi, 149 hlm, 22 cm =650 ##$$a UUD 1945 =850 ##$$a NBPNMAT